Proces privatizace a tržní cena podniků. Při oceňování podniků je třeba pracovat metodami odvědčenými ve vyspělé tržní ekonomice.

Poznámky k záväznej osnove pre vypracovanie privatizačného projektu. Privatizácia ako investičný proces. Ocenenie prostriedkov (asset valuations) a ocenenie peňažného toku (cash flow valuations) ako dve základné metódy trhového ocenenia podniku.

Na minha lista:
Detalhes bibliográficos
Autor principal: Bureš, J.
Formato: Capítulo de Livro
Idioma:tcheco
Assuntos:
Tags: Adicionar Tag
Sem tags, seja o primeiro a adicionar uma tag!

MARC

LEADER 00000naa a2200000 4500
001 r006567
005 20221125081230.0
041 0 |a cze 
044 |a [CS] 
245 1 0 |a Proces privatizace a tržní cena podniků.  |b Při oceňování podniků je třeba pracovat metodami odvědčenými ve vyspělé tržní ekonomice.  |c J. Bureš 
520 |a Poznámky k záväznej osnove pre vypracovanie privatizačného projektu. Privatizácia ako investičný proces. Ocenenie prostriedkov (asset valuations) a ocenenie peňažného toku (cash flow valuations) ako dve základné metódy trhového ocenenia podniku. 
610 2 0 |a privatizácia 
610 2 0 |a investície 
610 2 0 |a oceňovanie ekonomické 
610 2 0 |a podnik 
610 2 0 |a projekty 
100 1 |a Bureš, J.